000 00529nam a2200193 4500
001 109804
003 ES-MaACL
005 20230906184920.0
007 t|
008 061121s1978 sp r ||||1| spa d
245 0 3 _aEl modo de producción esclavista /
_cP. Petit [et al.].
260 _aMadrid :
_bAkal,
_c1978.
300 _a287 p. ;
_c22 cm.
490 1 _aManifiesto. Historia
700 1 _aPetit, P.
_991510
830 0 _aManifiesto. Historia
_9186388
852 _aES-MaACL
_jA-9729
_bR.98925
999 _c109804
_d109804